000 00591nam a2200181Ia 4500
008 090123s9999 xx 000 0 und d
082 _b949
100 _aमाडगूळकर व्यंकटेश
245 _aहस्ताचा पाऊस
250 _a2
260 _bभागवत वा.पु.
_c1967
300 _a132
600 _aमाडगूळकर व्यंकटेश
630 _aहस्ताचा पाऊस
700 _aमाडगूळकर व्यंकटेश
730 _aहस्ताचा पाऊस
942 _cBOOK
999 _c39037
_d39037